| 000 | 00000nam##2200000za#4500 |
| 001 | 9.600535 |
| 003 | CaOODSP |
| 005 | 20210624205629 |
| 007 | cr ||||||||||| |
| 008 | 150406|1997||||xxc|||||o f|0| 0 fre|d |
| 040 | |aCaOODSP|bfre |
| 043 | |an-cn--- |
| 086 | 1 |aNH15-211/1997F-PDF |
| 110 | 2 |aSociété canadienne d'hypothèques et de logement. |
| 245 | 10|aAdapter le logement social aux besoins des locataires âgés atteints de démence / |h[ressource électronique]|cpar Myra Schiff et Nancy Gnaedinger. |
| 260 | |aOttawa - Ontario : |bSociété canadienne d'hypothèques et de logement |cAoût 1997. |
| 300 | |a91p.|btableaux |
| 490 | 1 |aRapport de recherche |
| 590 | |a12-25-Supp|b2012-06-04 |
| 720 | 1 |aSchiff, Myra |
| 720 | 1 |aGnaedinger, Nancy |
| 775 | 08|tAdapting municipal housing to meet the needs of older tenants with dementia / |w(CaOODSP)9.569308 |
| 830 | #0|aResearch report (Société canadienne d'hypothèques et de logement : En ligne)|w(CaOODSP)9.502470 |
| 856 | 40|ahttp://publications.gc.ca|qPDF|s5 Mo|uhttps://publications.gc.ca/collections/collection_2011/schl-cmhc/nh18-1-2/NH15-211-1997-fra.pdf |